Basketball Players by Picture - Spain - Statistics

General Stats
  • This quiz has been taken 18 times
  • The average score is 16 of 25
Answer Stats
Picture Answer % Correct
Pau Gasol
100%
Ricky Rubio
100%
Marc Gasol
94%
Juan Carlos Navarro
89%
Juancho Hernangomez
89%
Willy Hernangómez
89%
Rudy Fernández
83%
Sergio Llull
83%
Alex Abrines
78%
José Manuel Calderón
78%
Nikola Mirotić
78%
Felipe Reyes
72%
Santi Aldama
72%
Serge Ibaka
72%
Sergio Rodríguez
72%
Victor Claver
67%
Jorge Garbajosa
61%
Fernando Martín Espina
44%
Juan Antonio San Epifanio
33%
Alberto Herreros
22%
Raül López
22%
Ignacio Solozábal
17%
Jordi Villacampa
17%
Andrés Jiménez
11%
Juan Antonio Corbalán
6%
No matching quizzes found
Score Distribution
Percent of People with Each Score
Percentile by Number Answered
Your Score History
You have not taken this quiz